| 000 -CABECERA |
| Longitud fija campo de control |
00850nam a2200229 a 4500 |
| 001 - NÚMERO DE CONTROL |
| Número de control |
4710 |
| 003 - IDENTIFICADOR DEL NÚMERO DE CONTROL |
| Identificador del número de control |
CDMR |
| 005 - FECHA Y HORA DE LA ÚLTIMA TRANSACCIÓN |
| Fecha y hora de la última transacción |
20131115131715.0 |
| 008 - CÓDIGOS DE INFORMACIÓN DE LONGITUD FIJA |
| Códigos de información de longitud fija |
130130s2007||||sp |||||||||||||||||spa|d |
| 020 ## - NÚMERO INTERNACIONAL NORMALIZADO PARA LIBROS |
| Número Internacional Normalizado para Libros (ISBN) |
9788496653443 |
| 040 ## - FUENTE DE LA CATALOGACIÓN |
| Centro catalogador de origen |
CDMR |
| Lengua de catalogación |
cat |
| Centro transcriptor |
CDMR |
| 245 03 - MENCIÓN DE TÍTULO |
| Título |
La estrategia de la crispación |
| Resto del título |
: informe sobre la democracia en España, 2007 |
| 260 ## - PUBLICACIÓN, DISTRIBUCIÓN, ETC. (PIE DE IMPRENTA) |
| Lugar de publicación, distribución, etc. |
Madrid |
| Nombre del editor, distribuidor, etc. |
Fundación Alternativas |
| Fecha de publicación, distribución, etc. |
DL 2007 |
| 300 ## - DESCRIPCIÓN FÍSICA |
| Extensión |
266 p. |
| 500 ## - NOTA GENERAL |
| Nota general |
Capítol 6. Pluralismo e independencia en los medios de comunicación (pàg. 195-230) |
| 650 04 - PUNTO DE ACCESO ADICIONAL DE MATERIA - TÉRMINO DE MATERIA |
| 9 (RLIN) |
3246 |
| Término de materia o nombre geográfico como elemento inicial |
Espanya |
| Subdivisión de materia general |
Política |
| 650 04 - PUNTO DE ACCESO ADICIONAL DE MATERIA - TÉRMINO DE MATERIA |
| 9 (RLIN) |
2807 |
| Término de materia o nombre geográfico como elemento inicial |
Mitjans de comunicació de massa |
| Subdivisión de materia general |
Aspectes polítics |
| 650 04 - PUNTO DE ACCESO ADICIONAL DE MATERIA - TÉRMINO DE MATERIA |
| 9 (RLIN) |
3085 |
| Término de materia o nombre geográfico como elemento inicial |
Mitjans de comunicació de massa |
| Subdivisión de materia general |
Política governamental |
| 710 2# - PUNTO DE ACCESO ADICIONAL - NOMBRE DE ENTIDAD |
| 9 (RLIN) |
3248 |
| Nombre de entidad o nombre de jurisdicción como elemento inicial |
Fundación Alternativas |
| 740 ## - PUNTO DE ACCESO ADICIONAL - TÍTULO RELACIONADO O ANALÍTICO NO CONTROLADO |
| Título relacionado o analítico no controlado |
Pluralismo e independencia en los medios de comunicación |
| 942 ## - ENTRADA DE ELEMENTOS AGREGADOS (KOHA) |
| Koha [por defecto] tipo de item |
Monografies |
| Fuente de clasificaión o esquema |
|